Facing climate change together (Record no. 43064)

MARC details
000 -LEADER
fixed length control field 00799nam a2200193 a 4500
008 - FIXED-LENGTH DATA ELEMENTS--GENERAL INFORMATION
fixed length control field 200827s2008 ||||||||||||||||| || u
020 ## - INTERNATIONAL STANDARD BOOK NUMBER
International Standard Book Number 9780521896825
050 ## - LIBRARY OF CONGRESS CALL NUMBER
Classification number QC 981.8 Fac
100 ## - MAIN ENTRY--PERSONAL NAME
Personal name Gautier, Catherine
245 10 - TITLE STATEMENT
Title Facing climate change together
Statement of responsibility, etc. by Catherine Gautier and Jean-Louis Fellous
260 ## - PUBLICATION, DISTRIBUTION, ETC.
Place of publication, distribution, etc. Cambridge
Name of publisher, distributor, etc. Cambrigde University Press
Date of publication, distribution, etc. 2008
650 ## - SUBJECT ADDED ENTRY--TOPICAL TERM
Topical term or geographic name entry element NATURE--EFFECTS OF HUMAN BEINGS ON
650 ## - SUBJECT ADDED ENTRY--TOPICAL TERM
Topical term or geographic name entry element GLOBAL TEMPERATURE CHANGES
650 ## - SUBJECT ADDED ENTRY--TOPICAL TERM
Topical term or geographic name entry element HYDROLOGIC CYCLE
650 ## - SUBJECT ADDED ENTRY--TOPICAL TERM
Topical term or geographic name entry element CLIMATIC CHANGES --ECONOMIC ASPECTS
650 ## - SUBJECT ADDED ENTRY--TOPICAL TERM
Topical term or geographic name entry element ATMOSPHERIC CHEMISTRY--ENVIRONMENTAL ASPECTS
700 ## - ADDED ENTRY--PERSONAL NAME
Personal name Fellous, Jean-Louis
995 ## - RECOMMENDATION 995 [LOCAL, UNIMARC FRANCE]
-- 40.80
-- CBU-MAIN LIBRARY (Kitwe)
-- 1
-- AVAILABLE
-- Aug 27, 2020
-- Main Library Open Access Collection
Holdings
Withdrawn status Lost status Source of classification or shelving scheme Damaged status Not for loan Home library Current library Shelving location Date acquired Total Checkouts Full call number Barcode Date last seen Price effective from Koha item type
          CBU-MAIN LIBRARY, KITWE. CBU-MAIN LIBRARY, KITWE.   11/30/2022   QC 981.8 Fac 750190 11/30/2022 11/30/2022 MONOGRAPH